Nová technika a kvalita výrobkov

Salvato in:
Dettagli Bibliografici
Autore principale: Vavilov, Anatolij Pavlovič
Natura: Libro
Lingua:slovacco
Pubblicazione: Bratislava Práca 1982
Serie:Knižnica ekonomiky práce a priemyslu zv. 1/82
Tags: Aggiungi Tag
Nessun Tag, puoi essere il primo ad aggiungerne!!

MARC

LEADER 00000nam a2200000 4500
001 c119529
005 20250522112215.6
041 0 |a slo 
044 |a SK 
245 1 0 |a Nová technika a kvalita výrobkov  |c Anatolij Pavlovič Vavilov 
264 1 |a Bratislava  |b Práca  |c 1982 
300 |a 53 s. 
490 1 |a Knižnica ekonomiky práce a priemyslu  |v zv. 1/82 
830 0 |a Knižnica ekonomiky práce a priemyslu  |v zv. 1/82 
100 1 |a Vavilov, Anatolij Pavlovič